000 00922cam a22002651 4500
001 2202
003 BD-RjUL
005 20211208233513.0
008 720208s1965 enkac b 000 0 eng
035 _a(BD-RjUL)
035 _a(OCoLC)236629
040 _aDLC
_cODaWU
_dOCoLC
_dUk
_dDLC
_beng
041 0 _aengfregeritarus
_beng
082 _a330.08
_223
_bLAO 1965
245 0 0 _aOn political economy and econometrics:
_bessays in honour of Oskar Lange.
260 _aOxford,
_aNew York,
_bPergamon Press
_c[1965]
300 _aviii, 661 p. :
_billus.;
_c25 cm.
500 _aEnglish, German, Italian, Russian or French, with summaries in English.
504 _aIncludes bibliographical references. "Bibliography of [Lange's] works, 1925-1963": p. 651-661.
650 0 _aEconomics.
_9116665
700 1 _aLange, Oscar Richard,
_d1904-1965.
_9116666
942 _2ddc
_cBK
999 _c2202
_d2202